000 002660000a22000970004500
100 1 _aHesselgrave, David J.
245 1 0 _aTo whom are we listening?
300 _aVol. 11, Núm 1 (1994), Páginas 3-8
773 0 _tInternational Journal of Frontier Misions
942 _cANA
999 _c55404
_d55404